LEADER 02007nam0 22004093i 450 001 VAN0275115 005 20240614020408.471 017 70$2N$a9783030888565 100 $a20240417d2021 |0itac50 ba 101 $aeng 102 $aCH 105 $a|||| ||||| 200 1 $aPartial Differential Equations in Anisotropic Musielak-Orlicz Spaces$fIwona Chlebicka ... [et al.] 210 $aCham$cSpringer$d2021 215 $axiii, 389 p.$cill.$d24 cm 410 1$1001VAN0030486$12001 $aSpringer monographs in mathematics$1210 $aBerlin [etc.]$cSpringer 606 $a35-XX$xPartial differential equations [MSC 2020]$3VANC019763$2MF 606 $a42-XX$xHarmonic analysis on Euclidean spaces [MSC 2020]$3VANC019851$2MF 606 $a35Dxx$xGeneralized solutions to partial differential equations [MSC 2020]$3VANC022866$2MF 606 $a46E40$xSpaces of vector- and operator-valued functions [MSC 2020]$3VANC024769$2MF 606 $a35A01$xExistence problems for PDEs: global existence, local existence, non-existence [MSC 2020]$3VANC029152$2MF 610 $aGeneralized Orlicz spaces$9KW:K 610 $aMusielak-Orlicz spaces$9KW:K 610 $aNon Newtonian Fluids$9KW:K 610 $aNon-standard growth problems$9KW:K 610 $aRenormalized solutions$9KW:K 620 $aCH$dCham$3VANL001889 702 1$aChlebicka$bIwona$3VANV227610 712 $aSpringer $3VANV108073$4650 801 $aIT$bSOL$c20240621$gRICA 856 4 $uhttps://doi.org/10.1007/978-3-030-88856-5$zE-book ? Accesso al full-text attraverso riconoscimento IP di Ateneo, proxy e/o Shibboleth 899 $aBIBLIOTECA DEL DIPARTIMENTO DI MATEMATICA E FISICA$1IT-CE0120$2VAN08 912 $fN 912 $aVAN0275115 950 $aBIBLIOTECA DEL DIPARTIMENTO DI MATEMATICA E FISICA$d08CONS e-book 8362 $e08eMF8362 20240503 996 $aPartial Differential Equations in Anisotropic Musielak-Orlicz Spaces$94153395 997 $aUNICAMPANIA LEADER 02174nam0 22004693i 450 001 VAN00274597 005 20240806101540.141 017 70$2N$a9783030670443 100 $a20240409d2021 |0itac50 ba 101 $aeng 102 $aCH 105 $a|||| ||||| 200 1 $aBig Data and Social Media Analytics$eTrending Applications$fMehmet Çak?rta?, Mehmet Kemal Ozdemir editors 210 $aCham$cSpringer$d2021 215 $avi, 245 p.$cill.$d24 cm 410 1$1001VAN00132864$12001 $aLecture Notes in Social Networks$1210 $aBerlin [etc.]$cSpringer 606 $a62-XX$xStatistics [MSC 2020]$3VANC022998$2MF 606 $a68M25$xComputer security [MSC 2020]$3VANC036400$2MF 606 $a68T09$xComputational aspects of data analysis and big data [MSC 2020]$3VANC035916$2MF 606 $a91-XX$xGame theory, economics, finance, and other social and behavioral sciences [MSC 2020]$3VANC025601$2MF 606 $a91D30$xSocial networks; opinion dynamics [MSC 2020]$3VANC031402$2MF 606 $a94A16$xInformational aspects of data analysis and big data [MSC 2020]$3VANC036865$2MF 610 $aBig data analysis$9KW:K 610 $aCyber influence$9KW:K 610 $aLink prediction$9KW:K 610 $aNetwork compression$9KW:K 610 $aProbabilistic data networks$9KW:K 610 $aRecommendation systems$9KW:K 610 $aSecurity and rescue$9KW:K 610 $aSocial media$9KW:K 620 $aCH$dCham$3VANL001889 702 1$aÇak?rta?$bMehmet$3VANV227028 702 1$aOzdemir$bMehmet Kemal$3VANV227029 712 $aSpringer $3VANV108073$4650 801 $aIT$bSOL$c20241115$gRICA 856 4 $uhttps://doi.org/10.1007/978-3-030-67044-3$zE-book ? Accesso al full-text attraverso riconoscimento IP di Ateneo, proxy e/o Shibboleth 899 $aBIBLIOTECA DEL DIPARTIMENTO DI MATEMATICA E FISICA$1IT-CE0120$2VAN08 912 $fN 912 $aVAN00274597 950 $aBIBLIOTECA DEL DIPARTIMENTO DI MATEMATICA E FISICA$d08DLOAD e-book 8161 $e08eMF8161 20240412 996 $aBig Data and Social Media Analytics$91946039 997 $aUNICAMPANIA LEADER 01753nam0 22003973i 450 001 VAN00255329 005 20240806101443.949 017 70$2N$a9783540369370 100 $a20230227d1971 |0itac50 ba 101 $aeng 102 $aDE 105 $a|||| ||||| 200 1 $aLectures on n-Dimensional Quasiconformal Mappings$fJussi Väisälä 210 $aBerlin$cSpringer$d1971 215 $axvi, 152 p.$cill.$d24 cm 461 1$1001VAN00102250$12001 $aLecture notes in mathematics$1210 $aBerlin [etc.]$cSpringer$v229 606 $a30-XX$xFunctions of a complex variable [MSC 2020]$3VANC020785$2MF 606 $a30C65$xQuasiconformal mappings in $\mathbb{R}^n$, other generalizations [MSC 2020]$3VANC022927$2MF 606 $a30E25$xBoundary value problems in the complex plane [MSC 2020]$3VANC035190$2MF 610 $aConformal Maps$9KW:K 610 $aForms$9KW:K 610 $aMapping$9KW:K 610 $aQuasiconformal mappings$9KW:K 610 $aReal analysis$9KW:K 610 $an-Dimensional Quasiconformal Mappings$9KW:K 620 $dBerlin$3VANL000066 700 1$aVäisälä$bJussi$3VANV208355$059269 712 $aSpringer $3VANV108073$4650 801 $aIT$bSOL$c20250829$gRICA 856 4 $uhttps://doi.org/10.1007/BFb0061216$zE-book ? Accesso al full-text attraverso riconoscimento IP di Ateneo, proxy e/o Shibboleth 899 $aBIBLIOTECA DEL DIPARTIMENTO DI MATEMATICA E FISICA$1IT-CE0120$2VAN08 912 $fN 912 $aVAN00255329 950 $aBIBLIOTECA DEL DIPARTIMENTO DI MATEMATICA E FISICA$d08DLOAD e-book 5553 $e08eMF5553 20230307 996 $aLectures on n-dimensional quasiconformal mappings$981559 997 $aUNICAMPANIA